Khảo sát hiện trạng rác thải tại chợ Nàng Mau, huyện Vị Thủy, tỉnh Hậu Giang : Luận văn tốt nghiệp đại học chuyên ngành Môi trường và Quản lý tài nguyên thiên nhiên

Khảo sát hiện trạng rác thải trong khu vực nghiên cứu, xác định thành phần, số lượng và phân loại rác thải trong khu vực nghiên cứu. Khảo sát hiện trạng quản lý và xử lý rác thải trong khu vực nghiên cứu. Tìm hiểu nhận thức của người dân...

Cur síos iomlán

Đã lưu trong:
Sonraí Bibleagrafaíochta
Príomhúdar: Nguyễn, Thị Hồng Thiện
Formáid: Leabhar
Teanga:Undetermined
Foilsithe: Cần Thơ Trường Đại học Cần Thơ 2006
Ábhair:
Clibeanna: Cuir Clib Leis
Gan Chlibeanna, Bí ar an gcéad duine leis an taifead seo a chlibeáil!
Thư viện lưu trữ: Trung tâm Học liệu Trường Đại học Cần Thơ
LEADER 01384nam a2200217Ia 4500
001 CTU_143556
008 210402s9999 xx 000 0 und d
082 |a 363.728 
082 |b Th305 
100 |a Nguyễn, Thị Hồng Thiện 
245 0 |a Khảo sát hiện trạng rác thải tại chợ Nàng Mau, huyện Vị Thủy, tỉnh Hậu Giang : 
245 0 |b Luận văn tốt nghiệp đại học chuyên ngành Môi trường và Quản lý tài nguyên thiên nhiên 
245 0 |c Nguyễn Thị Hồng Thiện; Lê Tuyết Minh (Giáo viên hướng dẫn) 
260 |a Cần Thơ 
260 |b Trường Đại học Cần Thơ 
260 |c 2006 
520 |a Khảo sát hiện trạng rác thải trong khu vực nghiên cứu, xác định thành phần, số lượng và phân loại rác thải trong khu vực nghiên cứu. Khảo sát hiện trạng quản lý và xử lý rác thải trong khu vực nghiên cứu. Tìm hiểu nhận thức của người dân trong vấn đề vệ sinh môi trường. 
650 |a Environment management,Organic wastes,Quản lý môi trường,Rác thải hữu cơ 
650 |x Recycling,Tái chế 
904 |i Năm 
980 |a Trung tâm Học liệu Trường Đại học Cần Thơ